000 00754cam a2200253 i 4500
001 sa 68004008
003 DLC
005 20260227112458.0
008 811029m19679999ii 000 0 tam
010 _asa 68004008
020 _cRs3.50 (v. 1)
025 _aPL480:I-T-2013
040 _aDLC
_cDLC
_dDLC
050 0 0 _aPL4758.6.A2
_bN37 1967
130 0 _aNar̲r̲iṇai.
245 1 0 _aNar̲r̲iṇai :
_bteḷivurai /
_cPuliyūrk Kēcikan̲ teḷivuraiyuṭan̲.
250 _a[1. patippu].
260 _aCen̲n̲ai :
_bPāri Nilaiyam,
_c[1967-
300 _av. <1 > ;
_c18 cm.
500 _aAt head of title: Caṅka ilakkiyam: makkaḷ patippu.
500 _aIn Tamil.
650 0 _aTamil poetry
_yTo 1500.
700 0 _aPuliyūrk Kēcikan̲.
999 _c79917
_d79917